000 00454nam a2200169Ia 4500
999 _c10395
_d10395
003 OSt
005 20220316184658.0
008 220308s9999 xx 000 0 und d
020 _a9780804849265
082 _a720.959862
_bFRA
100 _a Francione, Gianni; Inglis, Kim
245 0 _aBali living : innovative tropical design
260 _b Tuttle Publishing; Reprint edition (5 September 2017)
365 _cUSD
365 _d29.95
942 _2ddc